[Event "HUN-chT4 2223"]
[Site "Gyor"]
[Date "2023.04.02"]
[Round "7"]
[White "Horvath, Zoltan"]
[Black "Vamosi, Jozsef"]
[Result "1-0"]
[WhiteElo "1846"]
[BlackElo "1830"]
[PlyCount "53"]
[EventDate "2022.10.09"]
[EventType "team-tourn"]
[EventRounds "7"]
[EventCountry "HUN"]
[SourceTitle "EXT 2024"]
[Source "ChessBase"]
[SourceDate "2023.10.10"]
[SourceVersion "1"]
[SourceVersionDate "2023.10.10"]
[SourceQuality "1"]
[WhiteTeam "Gyor Szechenyi II"]
[BlackTeam "Level KSE"]
[WhiteTeamCountry "HUN"]
[BlackTeamCountry "HUN"]

1. e4 e5 2. Nc3 Nc6 3. Bc4 Bc5 4. Nf3 d6 5. h3 Nf6 6. 0-0 0-0 7. d3 h6 8. Be3 Bxe3 9. fxe3 Be6 10. Bb3 a6 11. Qe1 Bxb3 12. axb3 d5 13. exd5 Nxd5 14. e4 Nf4 15. Nxe5 Nxh3+ 16. gxh3 Nxe5 17. Qe3 Qd6 18. d4 Nc6 19. Rad1 Rad8 20. Nd5 f5 21. c4 fxe4 22. Rxf8+ Rxf8 23. Rd2 Rf3 24. Qxe4 Qg3+ 25. Rg2 Qxh3 26. Qe8+ Kh7 27. Qg6+ 1-0

[Event "Gyor op-B 7th"]
[Site "Gyor"]
[Date "2016.07.07"]
[Round "2"]
[White "Horvath, Zoltan"]
[Black "Toreky, Zsombor"]
[Result "1/2-1/2"]
[WhiteElo "1777"]
[BlackElo "1471"]
[PlyCount "120"]
[EventDate "2016.07.06"]
[EventType "swiss"]
[EventRounds "9"]
[EventCountry "HUN"]
[SourceTitle "EXT 2017"]
[Source "ChessBase"]
[SourceDate "2016.10.25"]
[SourceVersion "1"]
[SourceVersionDate "2016.10.25"]
[SourceQuality "1"]

1. e4 e6 2. d4 d5 3. Nd2 c5 4. c3 Nc6 5. Ngf3 Nf6 6. Bd3 dxe4 7. Nxe4 Nxe4 8. Bxe4 Qc7 9. Be3 cxd4 10. Nxd4 Bd7 11. Nb5 Qe5 12. Qd3 Nb4 13. Nc7+ Qxc7 14. cxb4 Bxb4+ 15. Kf1 a6 16. Kg1 Rc8 17. Qd4 Bf8 18. h3 Qc5 19. Bxb7 Qxd4 20. Bxd4 Rc4 21. Bc3 Bb5 22. a4 Rxa4 23. Rxa4 Bxa4 24. Bxa6 Bd6 25. Kf1 f6 26. Ke2 Kf7 27. Ra1 Bc6 28. Rg1 Rb8 29. Bd3 Be5 30. Kd2 Bxc3+ 31. Kxc3 f5 32. g3 h6 33. b4 Ke7 34. Ra1 g6 35. Ra7+ Kf6 36. f4 Bg2 37. h4 Rc8+ 38. Kd4 Be4 39. Bxe4 fxe4 40. Rb7 Kf5 41. b5 Rd8+ 42. Ke3 Rd3+ 43. Kf2 Rf3+ 44. Kg2 Kg4 45. b6 Rxg3+ 46. Kf2 e3+ 47. Ke2 Kxh4 48. Rh7 h5 49. b7 Rg2+ 50. Kxe3 Rb2 51. Rg7 Kh3 52. Ke4 h4 53. Ke5 Rb6 54. Rxg6 Rxb7 55. Kxe6 Rb6+ 56. Kf5 Rxg6 57. Kxg6 Kg4 58. f5 h3 59. f6 h2 60. f7 h1Q 1/2-1/2

[Event "Gyor op-B 7th"]
[Site "Gyor"]
[Date "2016.07.06"]
[Round "1"]
[White "Czipf Koteczki, Gergo"]
[Black "Horvath, Zoltan"]
[Result "0-1"]
[WhiteElo "1241"]
[BlackElo "1777"]
[PlyCount "58"]
[EventDate "2016.07.06"]
[EventType "swiss"]
[EventRounds "9"]
[EventCountry "HUN"]
[SourceTitle "EXT 2017"]
[Source "ChessBase"]
[SourceDate "2016.10.25"]
[SourceVersion "1"]
[SourceVersionDate "2016.10.25"]
[SourceQuality "1"]

1. d4 Nf6 2. Nf3 d5 3. e3 Bf5 4. Bd3 Bg6 5. 0-0 e6 6. Bxg6 hxg6 7. b3 Bd6 8. g3 Nbd7 9. Bb2 Ne4 10. Nbd2 Ndf6 11. Nxe4 Nxe4 12. Ne5 Qg5 13. Qe2 Qh6 14. h4 f6 15. Ng4 Qh5 16. Qf3 Nd2 17. Qe2 Nxf1 18. Rxf1 f5 19. Nf6+ gxf6 20. Qxh5 Rxh5 21. c4 c6 22. cxd5 exd5 23. Re1 Kd7 24. f3 g5 25. hxg5 Rah8 26. Rf1 Rh1+ 27. Kf2 R8h2+ 28. Ke1 Bxg3+ 29. Kd1 Rxf1# 0-1

[Event "HUN-chT2 Erkel 1516"]
[Site "Hungary"]
[Date "2016.04.17"]
[Round "11.6"]
[White "Molnar, Jozsef"]
[Black "Horvath, Zoltan"]
[Result "1-0"]
[WhiteElo "2192"]
[BlackElo "1944"]
[PlyCount "59"]
[EventDate "2015.09.13"]
[EventType "team-tourn"]
[EventRounds "11"]
[EventCountry "HUN"]
[SourceTitle "EXT 2017"]
[Source "ChessBase"]
[SourceDate "2016.10.25"]
[SourceVersion "1"]
[SourceVersionDate "2016.10.25"]
[SourceQuality "1"]
[WhiteTeam "Barcza BEAC"]
[BlackTeam "Matra"]
[WhiteTeamCountry "HUN"]
[BlackTeamCountry "HUN"]

1. e4 e5 2. Bc4 Nf6 3. d3 Be7 4. f4 Nc6 5. Nf3 d6 6. c3 0-0 7. 0-0 Bg4 8. h3 Bxf3 9. Qxf3 Na5 10. Bb5 a6 11. Ba4 b5 12. Bc2 c5 13. fxe5 dxe5 14. Be3 Qc7 15. Nd2 b4 16. Nb3 bxc3 17. bxc3 c4 18. dxc4 Nxc4 19. Bg5 Nd5 20. exd5 Bxg5 21. Rae1 g6 22. Bd3 Nd2 23. Qg4 Nxf1 24. Qxg5 Qxc3 25. Rd1 e4 26. Bxf1 a5 27. d6 a4 28. Nc5 h6 29. Nxe4 Qc2 30. Qd5 1-0

[Event "HUN-chT2 Erkel 1516"]
[Site "Hungary"]
[Date "2016.03.20"]
[Round "9.8"]
[White "Horvath, Zoltan"]
[Black "Czajner, Gabor"]
[Result "1-0"]
[WhiteElo "1944"]
[BlackElo "1847"]
[PlyCount "77"]
[EventDate "2015.09.13"]
[EventType "team-tourn"]
[EventRounds "11"]
[EventCountry "HUN"]
[SourceTitle "EXT 2017"]
[Source "ChessBase"]
[SourceDate "2016.10.25"]
[SourceVersion "1"]
[SourceVersionDate "2016.10.25"]
[SourceQuality "1"]
[WhiteTeam "Matra"]
[BlackTeam "Andornaktalya"]
[WhiteTeamCountry "HUN"]
[BlackTeamCountry "HUN"]

1. e4 d5 2. e5 c5 3. f4 Bf5 4. Nf3 Nc6 5. d3 e6 6. Be2 Qc7 7. 0-0 f6 8. exf6 Nxf6 9. Nh4 Bd6 10. Nxf5 exf5 11. g3 0-0 12. c3 Rfe8 13. Bf3 d4 14. Na3 a6 15. Nc4 b5 16. Nxd6 Qxd6 17. a4 Nd5 18. axb5 axb5 19. Rxa8 Rxa8 20. Qb3 Rd8 21. Qxb5 Rb8 22. Qc4 Rd8 23. Bd2 Kf8 24. Kf2 Nde7 25. cxd4 Nxd4 26. Bd1 Nec6 27. Bc3 Re8 28. Re1 Rxe1 29. Bxe1 Qe7 30. Bc3 Qd6 31. Bd2 Qe7 32. Be3 Qd6 33. Bf3 Ne6 34. Bxc6 Qxc6 35. b4 Qh1 36. Qxe6 Qxh2+ 37. Kf1 Qh1+ 38. Ke2 Qg2+ 39. Bf2 1-0

[Event "HUN-chT2 Erkel 1516"]
[Site "Hungary"]
[Date "2016.02.28"]
[Round "8.8"]
[White "Karpati, Kende Vajk"]
[Black "Horvath, Zoltan"]
[Result "1-0"]
[WhiteElo "2032"]
[BlackElo "1944"]
[PlyCount "59"]
[EventDate "2015.09.13"]
[EventType "team-tourn"]
[EventRounds "11"]
[EventCountry "HUN"]
[SourceTitle "EXT 2017"]
[Source "ChessBase"]
[SourceDate "2016.10.25"]
[SourceVersion "1"]
[SourceVersionDate "2016.10.25"]
[SourceQuality "1"]
[WhiteTeam "Foti"]
[BlackTeam "Matra"]
[WhiteTeamCountry "HUN"]
[BlackTeamCountry "HUN"]

1. d4 Nf6 2. g3 e6 3. Bg2 d5 4. Nf3 b6 5. c4 Bb7 6. Ne5 Be7 7. Qa4+ c6 8. 0-0 0-0 9. cxd5 cxd5 10. Bf4 Nbd7 11. Rc1 Nxe5 12. Bxe5 Bd6 13. Bxf6 Qxf6 14. Qd7 Qxd4 15. Qxd6 Qxb2 16. Nc3 Rac8 17. Rab1 Qd2 18. Qf4 Qxf4 19. gxf4 Rc4 20. Nb5 Rxf4 21. Rc7 Ba6 22. Rxa7 Bxb5 23. Rxb5 Rc8 24. f3 g6 25. Rxb6 Rc2 26. Kf2 d4 27. Rd6 g5 28. Bh3 Rh4 29. Bxe6 fxe6 30. Rd8# 1-0

[Event "HUN-chT2 Erkel 1516"]
[Site "Hungary"]
[Date "2015.12.06"]
[Round "6.6"]
[White "Goblyos, Gyorgy"]
[Black "Horvath, Zoltan"]
[Result "1-0"]
[WhiteElo "2094"]
[BlackElo "1944"]
[PlyCount "75"]
[EventDate "2015.09.13"]
[EventType "team-tourn"]
[EventRounds "11"]
[EventCountry "HUN"]
[SourceTitle "CBM 170 Extra"]
[Source "ChessBase"]
[SourceDate "2016.02.25"]
[SourceVersion "1"]
[SourceVersionDate "2016.02.25"]
[SourceQuality "1"]
[WhiteTeam "MAFC"]
[BlackTeam "Matra"]
[WhiteTeamCountry "HUN"]
[BlackTeamCountry "HUN"]

1. b4 e5 2. Bb2 d6 3. e4 f5 4. d3 Nf6 5. Nd2 Be7 6. Ngf3 0-0 7. Be2 Be6 8. 0-0 h6 9. a3 Nbd7 10. c4 Qe8 11. Re1 g5 12. h3 f4 13. d4 exd4 14. Nxd4 Qf7 15. Nxe6 Qxe6 16. Nf3 Ne5 17. Nd4 Qf7 18. Qc2 Nfd7 19. Nf5 Kh7 20. Nxe7 Qxe7 21. Bg4 Nf6 22. Bf5+ Kg7 23. Rad1 Rad8 24. Qc3 h5 25. c5 g4 26. Qd2 Nc4 27. Bxf6+ Qxf6 28. Qxf4 gxh3 29. Qg3+ Kh6 30. Qxh3 d5 31. Qg3 c6 32. Qf4+ Qg5 33. Qxg5+ Kxg5 34. Be6 Rfe8 35. exd5 cxd5 36. Rd3 d4 37. Re2 Re7 38. Rg3+ 1-0

[Event "Gyor Amateur op 4th"]
[Site "Gyor"]
[Date "2015.08.29"]
[Round "4"]
[White "Horvath, Zoltan"]
[Black "Sarmasi, Peter"]
[Result "0-1"]
[WhiteElo "1707"]
[BlackElo "1688"]
[PlyCount "56"]
[EventDate "2015.08.28"]
[EventType "swiss"]
[EventRounds "5"]
[EventCountry "HUN"]
[SourceTitle "EXT 2016"]
[Source "ChessBase"]
[SourceDate "2015.10.08"]
[SourceVersion "1"]
[SourceVersionDate "2015.10.08"]
[SourceQuality "1"]

1. e4 c5 2. Nf3 Nc6 3. d4 cxd4 4. Nxd4 Qb6 5. Nb3 Nf6 6. Nc3 e6 7. Be3 Qc7 8. Nb5 Qb8 9. Bd3 Be7 10. 0-0 0-0 11. f4 d6 12. N3d4 a6 13. Nc3 Qc7 14. f5 exf5 15. Nxf5 Ne5 16. Nxe7+ Qxe7 17. Bg5 Nxd3 18. cxd3 Be6 19. e5 dxe5 20. Ne4 h6 21. Nxf6+ gxf6 22. Bxf6 Qc5+ 23. Kh1 Kh7 24. Qh5 Rg8 25. Qxe5 Bd5 26. Qf5+ Rg6 27. Rf2 Bxg2+ 28. Kg1 Be4+ 0-1

[Event "HUN-chT2 Erkel 1415"]
[Site "Hungary"]
[Date "2015.04.26"]
[Round "9.6"]
[White "Lyell, Mark"]
[Black "Horvath, Zoltan"]
[Result "1/2-1/2"]
[WhiteElo "2290"]
[BlackElo "1959"]
[PlyCount "80"]
[EventDate "2014.09.28"]
[EventType "team-tourn"]
[EventRounds "9"]
[EventCountry "HUN"]
[SourceTitle "EXT 2016"]
[Source "ChessBase"]
[SourceDate "2015.10.08"]
[SourceVersion "1"]
[SourceVersionDate "2015.10.08"]
[SourceQuality "1"]
[WhiteTeam "Budapest MTK"]
[BlackTeam "Matra"]
[WhiteTeamCountry "HUN"]
[BlackTeamCountry "HUN"]

1. e4 b6 2. d4 Bb7 3. Bd3 e6 4. Nf3 d5 5. exd5 exd5 6. 0-0 Nf6 7. Bf4 Be7 8. Nbd2 0-0 9. Re1 Bd6 10. Ne5 c5 11. Qf3 Nc6 12. Nxc6 Bxc6 13. Bg5 h6 14. Bh4 g5 15. Bg3 Bxg3 16. hxg3 Qd6 17. Re5 Rfe8 18. Rae1 cxd4 19. Rxe8+ Rxe8 20. Rxe8+ Bxe8 21. Nb3 Qe5 22. Qe2 Qxe2 23. Bxe2 Ne4 24. Nxd4 Bd7 25. g4 Kg7 26. f3 Nd6 27. Kf2 f5 28. gxf5 Nxf5 29. Nb3 Kf6 30. Bd3 Ke5 31. Bxf5 Bxf5 32. c3 h5 33. Nd4 Bd7 34. Ke3 h4 35. a3 a5 36. Ne2 h3 37. gxh3 Bxh3 38. f4+ gxf4+ 39. Nxf4 Bf1 40. Ng6+ Kf6 1/2-1/2

[Event "HUN-chT2 Erkel 1415"]
[Site "Hungary"]
[Date "2014.11.30"]
[Round "3.7"]
[White "Horvath, Zoltan"]
[Black "Szabo, Zoltan"]
[Result "0-1"]
[WhiteElo "1959"]
[BlackElo "1792"]
[PlyCount "102"]
[EventDate "2014.09.28"]
[EventType "team-tourn"]
[EventRounds "9"]
[EventCountry "HUN"]
[SourceTitle "EXT 2016"]
[Source "ChessBase"]
[SourceDate "2015.10.08"]
[SourceVersion "1"]
[SourceVersionDate "2015.10.08"]
[SourceQuality "1"]
[WhiteTeam "Matra"]
[BlackTeam "GBSE"]
[WhiteTeamCountry "HUN"]
[BlackTeamCountry "HUN"]

1. e4 c5 2. f4 d5 3. e5 Nc6 4. Nf3 Bg4 5. Be2 e6 6. d3 Nh6 7. Be3 Nf5 8. Bf2 Qb6 9. b3 Bxf3 10. Bxf3 Qb4+ 11. Qd2 Nfd4 12. Bd1 Qxd2+ 13. Nxd2 0-0-0 14. c3 Nb5 15. Rc1 d4 16. Ne4 dxc3 17. Bxc5 Bxc5 18. Nxc5 b6 19. a4 bxc5 20. axb5 Nb4 21. 0-0 Rxd3 22. f5 exf5 23. Rxf5 Re8 24. Bg4 Rd4 25. h3 c2 26. Rxf7+ Kb8 27. e6 h5 28. Bf3 Rxe6 29. Rb7+ Kc8 30. Rxa7 Rd2 31. Bxh5 Red6 32. Ra8+ Kc7 33. Raa1 Nd3 34. Rf1 c1Q 35. Raxc1 Nxc1 36. Rxc1 Kb6 37. Be8 Rd1+ 38. Rxd1 Rxd1+ 39. Kh2 Rf1 40. Bc6 Rb1 41. Bd5 Kxb5 42. h4 Kb4 43. h5 Kc3 44. Kg3 Rxb3 45. Kf4 Rb6 46. g4 Kd4 47. Be4 c4 48. g5 c3 49. Bc2 Rb2 50. Bg6 Rf2+ 51. Kg3 c2 0-1

[Event "HUN-chT2 Erkel 1415"]
[Site "Hungary"]
[Date "2014.11.16"]
[Round "2.7"]
[White "Vass, Lajos"]
[Black "Horvath, Zoltan"]
[Result "1-0"]
[WhiteElo "2173"]
[BlackElo "1959"]
[PlyCount "63"]
[EventDate "2014.09.28"]
[EventType "team-tourn"]
[EventRounds "9"]
[EventCountry "HUN"]
[SourceTitle "EXT 2016"]
[Source "ChessBase"]
[SourceDate "2015.10.08"]
[SourceVersion "1"]
[SourceVersionDate "2015.10.08"]
[SourceQuality "1"]
[WhiteTeam "BEAC"]
[BlackTeam "Matra"]
[WhiteTeamCountry "HUN"]
[BlackTeamCountry "HUN"]

1. e4 b6 2. d4 Bb7 3. Bd3 e6 4. Nf3 d5 5. Nbd2 Nf6 6. e5 Nfd7 7. 0-0 c5 8. c3 Nc6 9. Re1 Be7 10. Nf1 c4 11. Bc2 b5 12. h4 Bxh4 13. Nxh4 Qxh4 14. Re3 0-0-0 15. Rg3 h6 16. Rg4 Qe7 17. Rxg7 Rdg8 18. Rxg8+ Rxg8 19. Qh5 f5 20. Ng3 Ncxe5 21. dxe5 Nxe5 22. Bf4 Ng4 23. Nxf5 Qf6 24. Nd6+ Kd7 25. Bg3 Bc6 26. Re1 e5 27. Qf7+ Qxf7 28. Nxf7 e4 29. f3 exf3 30. gxf3 Nf6 31. Ne5+ Kc7 32. Ng4+ 1-0

[Event "Budapest Art Pub Cup 3rd"]
[Site "Budapest"]
[Date "2014.01.05"]
[Round "7"]
[White "Horvath, Zoltan"]
[Black "Kalocsai, Laszlo"]
[Result "0-1"]
[WhiteElo "1431"]
[BlackElo "1571"]
[PlyCount "90"]
[EventDate "2014.01.02"]
[EventType "swiss"]
[EventRounds "7"]
[EventCountry "HUN"]
[SourceTitle "CBM 158 Extra"]
[Source "ChessBase"]
[SourceDate "2014.02.28"]
[SourceVersion "1"]
[SourceVersionDate "2014.02.28"]
[SourceQuality "1"]

1. e4 e5 2. Nf3 d6 3. Bc4 Nc6 4. d3 Be7 5. h3 Na5 6. Nbd2 Nxc4 7. Nxc4 Be6 8. Ne3 Nf6 9. 0-0 0-0 10. c4 Qd7 11. Ng5 Rad8 12. Nxe6 fxe6 13. Ng4 Qe8 14. Be3 Qg6 15. Nh2 Nh5 16. Qd2 Nf4 17. Bxf4 Rxf4 18. Rae1 Rh4 19. Qe3 Bg5 20. Qg3 Rh6 21. Ng4 Bf4 22. Nxh6+ Qxh6 23. Qg4 Rf8 24. g3 Rf6 25. Kh2 Rg6 26. Qf3 Bd2 27. Re2 Rf6 28. Qg2 Ba5 29. Re3 Rg6 30. g4 Bd2 31. Re2 Bf4+ 32. Kg1 Qh4 33. Qf3 h5 34. Qg2 hxg4 35. Re3 Bxe3 36. fxe3 Qh6 37. Kf2 gxh3 38. Qh1 Rg2+ 39. Qxg2 hxg2 40. Kxg2 Qxe3 41. Rf3 Qd2+ 42. Kg3 Qxb2 43. Rf2 Qd4 44. Rg2 Qxd3+ 45. Kg4 Qxe4+ 0-1

[Event "Budapest Art Pub Cup 3rd"]
[Site "Budapest"]
[Date "2014.01.05"]
[Round "6"]
[White "Horvath, Zoltan"]
[Black "Ronai, Akos Balazs"]
[Result "0-1"]
[WhiteElo "1431"]
[BlackElo "1638"]
[PlyCount "96"]
[EventDate "2014.01.02"]
[EventType "swiss"]
[EventRounds "7"]
[EventCountry "HUN"]
[SourceTitle "CBM 158 Extra"]
[Source "ChessBase"]
[SourceDate "2014.02.28"]
[SourceVersion "1"]
[SourceVersionDate "2014.02.28"]
[SourceQuality "1"]

1. e4 e5 2. Nf3 Nc6 3. d4 exd4 4. Nxd4 Qh4 5. Nb5 Qxe4+ 6. Be2 Bb4+ 7. c3 Ba5 8. 0-0 Nge7 9. Re1 0-0 10. Nd2 Qf5 11. Nf3 d6 12. Bd3 Qd7 13. Bg5 Re8 14. b4 Bb6 15. a4 a5 16. bxa5 Bxa5 17. Bd2 Qd8 18. c4 Bxd2 19. Qxd2 Bg4 20. Ng5 h6 21. Ne4 Ne5 22. Re3 Nf5 23. Ree1 c6 24. Nbxd6 Nd4 25. Kh1 Qh4 26. Qf4 f5 27. Nf6+ Qxf6 28. Qxd4 Red8 29. c5 Nxd3 30. Qxd3 b6 31. Qc4+ Kh7 32. h3 Bh5 33. a5 bxc5 34. Nb7 Rd2 35. Qxc5 Qb2 36. Rab1 Qc2 37. Qxc2 Rxc2 38. f3 f4 39. Re4 Bg6 40. Rxf4 Rxg2 41. Rc1 Rc2 42. Ra1 Re8 43. a6 h5 44. a7 Ree2 45. a8Q Rh2+ 46. Kg1 Rcg2+ 47. Kf1 Bd3+ 48. Ke1 Rh1# 0-1

[Event "Budapest Art Pub Cup 3rd"]
[Site "Budapest"]
[Date "2014.01.03"]
[Round "2"]
[White "Horvath, Zoltan"]
[Black "Firnigel, Janos"]
[Result "0-1"]
[WhiteElo "1431"]
[BlackElo "1758"]
[PlyCount "116"]
[EventDate "2014.01.02"]
[EventType "swiss"]
[EventRounds "7"]
[EventCountry "HUN"]
[SourceTitle "CBM 158 Extra"]
[Source "ChessBase"]
[SourceDate "2014.02.28"]
[SourceVersion "1"]
[SourceVersionDate "2014.02.28"]
[SourceQuality "1"]

1. e4 c5 2. Nf3 d6 3. Nc3 a6 4. d4 cxd4 5. Nxd4 Nf6 6. Be3 Ng4 7. Bd2 Qb6 8. f3 Qxd4 9. fxg4 e6 10. Qf3 Nc6 11. Be3 Qb4 12. 0-0-0 Be7 13. a3 Qa5 14. Bc4 Ne5 15. Qe2 Nxc4 16. Qxc4 Bd7 17. Bf4 e5 18. Be3 Bxg4 19. Rd5 Be6 20. Rxa5 Bxc4 21. b3 Bd8 22. Ra4 b5 23. bxc4 bxa4 24. Nxa4 Rc8 25. c5 dxc5 26. Bxc5 Be7 27. Bxe7 Kxe7 28. Nb6 Rc6 29. Nd5+ Ke6 30. Rd1 a5 31. Rd3 Rhc8 32. c3 Rc4 33. Kd2 Rxe4 34. Ne3 Ra4 35. Nc2 f5 36. g3 g5 37. Re3 Rd8+ 38. Ke2 Kf6 39. h3 f4 40. gxf4 gxf4 41. Rf3 Kg5 42. Rf1 e4 43. Rg1+ Kf5 44. Rf1 f3+ 45. Ke1 Kf4 46. Rg1 h5 47. Rg7 Rd5 48. Rf7+ Rf5 49. Re7 Rc4 50. Nd4 Rxd4 51. cxd4 Ke3 52. Rd7 Rb5 53. Kd1 f2 54. Rf7 Kd3 55. Kc1 e3 56. d5 Rc5+ 57. Kb1 Rxd5 58. Rf3 Ke2 0-1

[Event "HUN-chT2 Maroczy 1314"]
[Site "Hungary"]
[Date "2013.08.22"]
[Round "2"]
[White "Rakaczki, Csaba"]
[Black "Horvath, Zoltan"]
[Result "1/2-1/2"]
[WhiteElo "2144"]
[BlackElo "2313"]
[PlyCount "45"]
[EventDate "2013.09.08"]
[EventType "team-tourn"]
[EventRounds "11"]
[EventCountry "HUN"]
[SourceTitle "EXT 2016"]
[Source "ChessBase"]
[SourceDate "2015.10.08"]
[SourceVersion "1"]
[SourceVersionDate "2015.10.08"]
[SourceQuality "1"]
[WhiteTeam "Debrecen SBK"]
[BlackTeam "Lila Futo"]
[WhiteTeamCountry "HUN"]
[BlackTeamCountry "HUN"]

1. e4 c5 2. d4 cxd4 3. c3 d3 4. f4 d6 5. Be3 Nf6 6. Bxd3 Nc6 7. h3 g6 8. Nf3 Bg7 9. 0-0 0-0 10. g4 d5 11. Nbd2 dxe4 12. Nxe4 Nd5 13. Qe2 Nxe3 14. Qxe3 Qb6 15. Qxb6 axb6 16. a3 Be6 17. Ng3 Rfd8 18. Rad1 Bb3 19. Rd2 Na5 20. Rff2 Nc4 21. Bxc4 Bxc4 22. Rxd8+ Rxd8 23. Rd2 1/2-1/2

[Event "HUN-chT2 Erkel 1213"]
[Site "Hungary"]
[Date "2013.03.24"]
[Round "9.10"]
[White "Goblyos, Gyorgy"]
[Black "Horvath, Zoltan"]
[Result "1/2-1/2"]
[WhiteElo "2107"]
[BlackElo "1963"]
[PlyCount "92"]
[EventDate "2012.09.16"]
[EventType "team-tourn"]
[EventRounds "11"]
[EventCountry "HUN"]
[SourceTitle "EXT 2014"]
[Source "ChessBase"]
[SourceDate "2013.11.20"]
[SourceVersion "1"]
[SourceVersionDate "2013.11.20"]
[SourceQuality "1"]
[WhiteTeam "Barcza"]
[BlackTeam "Matra"]
[WhiteTeamCountry "HUN"]
[BlackTeamCountry "HUN"]

1. b4 e5 2. Bb2 d6 3. e4 f5 4. d3 Nf6 5. Nd2 Be7 6. Ngf3 0-0 7. Be2 h6 8. 0-0 Be6 9. c4 Nbd7 10. Qc2 c5 11. a3 Qe8 12. exf5 Bxf5 13. Ne4 b6 14. Nfd2 g5 15. Bf3 Rc8 16. Nc3 Qg6 17. Nde4 g4 18. Be2 h5 19. Ng3 Be6 20. f4 exf4 21. Rxf4 Ne5 22. Qd2 h4 23. Nge4 Nh5 24. Rff1 Rcd8 25. Nd5 Bxd5 26. cxd5 Nf3+ 27. Bxf3 gxf3 28. Rf2 h3 29. g3 Rf5 30. Raf1 Rdf8 31. Qe3 Nf6 32. Nxd6 Bxd6 33. Qe6+ Kh7 34. Qxd6 Nxd5 35. Qd7+ Qf7 36. Qd6 cxb4 37. Re1 bxa3 38. Be5 a2 39. Re4 Nf4 40. Ba1 Ng6 41. Rc2 Qb3 42. Rh4+ Nxh4 43. Qe7+ Qf7 44. Qxh4+ Rh5 45. Qe4+ Rf5 46. Qh4+ Rh5 1/2-1/2

[Event "HUN-chT2 Erkel 1213"]
[Site "Hungary"]
[Date "2013.02.17"]
[Round "7.11"]
[White "Horvath, Zoltan"]
[Black "Fodor, Balazs"]
[Result "1-0"]
[WhiteElo "1963"]
[BlackElo "1802"]
[PlyCount "43"]
[EventDate "2012.09.16"]
[EventType "team-tourn"]
[EventRounds "11"]
[EventCountry "HUN"]
[SourceTitle "EXT 2014"]
[Source "ChessBase"]
[SourceDate "2013.11.20"]
[SourceVersion "1"]
[SourceVersionDate "2013.11.20"]
[SourceQuality "1"]
[WhiteTeam "Matra"]
[BlackTeam "Nagykata"]
[WhiteTeamCountry "HUN"]
[BlackTeamCountry "HUN"]

1. e4 c6 2. f4 e5 3. d3 d6 4. Nf3 Bg4 5. Be2 Nd7 6. Be3 Qc7 7. Nbd2 g6 8. h3 Bxf3 9. Nxf3 Ngf6 10. c3 Nh5 11. fxe5 dxe5 12. g4 Nf4 13. Bxf4 exf4 14. d4 0-0-0 15. Qb3 Nf6 16. Ne5 Re8 17. Qxf7 Qd6 18. g5 Be7 19. gxf6 Bxf6 20. Bg4+ Kd8 21. Qxb7 Bxe5 22. dxe5 1-0

[Event "HUN-chT2 Erkel 1213"]
[Site "Hungary"]
[Date "2013.01.27"]
[Round "6.10"]
[White "Horvath, Zoltan"]
[Black "Vass, Lajos"]
[Result "1-0"]
[WhiteElo "1963"]
[BlackElo "2112"]
[PlyCount "110"]
[EventDate "2012.09.16"]
[EventType "team-tourn"]
[EventRounds "11"]
[EventCountry "HUN"]
[SourceTitle "EXT 2014"]
[Source "ChessBase"]
[SourceDate "2013.11.20"]
[SourceVersion "1"]
[SourceVersionDate "2013.11.20"]
[SourceQuality "1"]
[WhiteTeam "Matra"]
[BlackTeam "BEAC II"]
[WhiteTeamCountry "HUN"]
[BlackTeamCountry "HUN"]

1. e4 e5 2. Nf3 Nf6 3. Nxe5 d6 4. Nf3 Nxe4 5. d3 Nf6 6. Be2 d5 7. 0-0 Bd6 8. Bg5 h6 9. Bh4 Nc6 10. Nc3 Be6 11. Nb5 Be7 12. Bg3 Rc8 13. Nbd4 Nxd4 14. Nxd4 Bd7 15. Bf3 0-0 16. c4 c5 17. Nb5 Bxb5 18. cxb5 Qb6 19. a4 Rfd8 20. Re1 Bf8 21. Be5 a6 22. bxa6 bxa6 23. b3 c4 24. bxc4 dxc4 25. d4 Nd5 26. Bxd5 Rxd5 27. Qf3 Qc6 28. Qe4 Qd7 29. Red1 Re8 30. Qc2 c3 31. Qb3 Rc8 32. Rac1 Kh8 33. h3 f6 34. Bf4 Rxd4 35. Rxd4 Qxd4 36. Be3 Qe5 37. Qb7 Rd8 38. Qxa6 Bd6 39. Qb7 Ba3 40. Rf1 Bd6 41. g3 Qf5 42. Kh2 Qd3 43. Qb5 Qxb5 44. axb5 Ba3 45. b6 c2 46. b7 Rb8 47. Ra1 Bd6 48. Ra8 Kh7 49. Rxb8 Bxb8 50. Kg2 g5 51. g4 Kg6 52. f3 f5 53. Kf2 fxg4 54. fxg4 Kf7 55. Kf3 Ke6 1-0

[Event "HUN-chT2 Erkel 1112"]
[Site "Hungary"]
[Date "2012.02.19"]
[Round "6.11"]
[White "Horvath, Zoltan"]
[Black "Nemeth, Attila"]
[Result "1-0"]
[WhiteElo "2015"]
[BlackElo "1571"]
[PlyCount "59"]
[EventDate "2011.09.25"]
[EventType "team-tourn"]
[EventRounds "11"]
[EventCountry "HUN"]
[SourceTitle "EXT 2013"]
[Source "ChessBase"]
[SourceDate "2012.11.22"]
[SourceVersion "1"]
[SourceVersionDate "2012.11.22"]
[SourceQuality "1"]
[WhiteTeam "Matra"]
[BlackTeam "Szigetszentmiklos"]
[WhiteTeamCountry "HUN"]
[BlackTeamCountry "HUN"]

1. e4 c5 2. f4 d6 3. c3 Nc6 4. d3 e6 5. Nf3 Nf6 6. Be2 Be7 7. 0-0 0-0 8. h3 e5 9. Be3 exf4 10. Bxf4 Be6 11. Nbd2 h6 12. Qe1 Qd7 13. g4 Nh7 14. Qg3 d5 15. e5 b5 16. d4 a6 17. Be3 cxd4 18. Nxd4 Nxd4 19. cxd4 Bg5 20. Bd3 Be7 21. Nf3 Kh8 22. Nh4 Bxh4 23. Qxh4 Kg8 24. Bxh6 gxh6 25. Qxh6 f6 26. exf6 Rf7 27. g5 Bxh3 28. Rf4 Nxg5 29. Qxg5+ Kf8 30. Rh4 1-0

[Event "HUN-chT2 Erkel 1112"]
[Site "Hungary"]
[Date "2012.01.29"]
[Round "5.10"]
[White "Horvath, Zoltan"]
[Black "Aczel, Tibor"]
[Result "1/2-1/2"]
[WhiteElo "2015"]
[BlackElo "1844"]
[PlyCount "96"]
[EventDate "2011.09.25"]
[EventType "team-tourn"]
[EventRounds "11"]
[EventCountry "HUN"]
[SourceTitle "EXT 2013"]
[Source "ChessBase"]
[SourceDate "2012.11.22"]
[SourceVersion "1"]
[SourceVersionDate "2012.11.22"]
[SourceQuality "1"]
[WhiteTeam "Matra"]
[BlackTeam "Honved II"]
[WhiteTeamCountry "HUN"]
[BlackTeamCountry "HUN"]

1. e4 e5 2. Nf3 Nc6 3. Bb5 Nf6 4. 0-0 d6 5. Re1 Bd7 6. d4 exd4 7. Nxd4 Nxd4 8. Bxd7+ Nxd7 9. Qxd4 Qf6 10. Qd5 c6 11. Qb3 Rb8 12. Be3 Nc5 13. Bxc5 dxc5 14. Nd2 Be7 15. e5 Qe6 16. Qg3 0-0 17. Ne4 Rbd8 18. f4 Rd7 19. Kh1 Rfd8 20. Rf1 Kh8 21. f5 Qd5 22. f6 gxf6 23. exf6 Bf8 24. Qh4 h6 25. h3 Re8 26. Rf4 Re5 27. Raf1 Rh5 28. Qf2 Qe5 29. Qf3 Bd6 30. Nxd6 Rxd6 31. Re4 Qd5 32. c4 Qd3 33. Re3 Qxc4 34. Rfe1 Qd5 35. Re8+ Kh7 36. Qc3 Rg5 37. R1e2 Qf5 38. Qc2 Rd3 39. Rf2 Rd1+ 40. Kh2 Qxc2 41. Rxc2 Rgd5 42. Re7 Kg6 43. Rxb7 Kxf6 44. Rxa7 R1d2 45. Rxd2 Rxd2 46. Ra6 Rxb2 47. Rxc6+ Kg7 48. a4 Ra2 1/2-1/2